Geografía del medio ambiente: el sistema GTP. Geosistema, territorio y paisaje
Na minha lista:
| Main Authors: | , |
|---|---|
| Formato: | Livro |
| Idioma: | espanhol |
| Publicado em: |
Granada
Universidad de Granada
2007
|
| Colecção: | Manuales,40
|
| Assuntos: | |
| Tags: |
Adicionar Tag
Sem tags, seja o primeiro a adicionar uma tag!
|
MARC
| LEADER | 00000cam a2200000 a 4500 | ||
|---|---|---|---|
| 001 | UCF5449 | ||
| 003 | CL-VaPUC | ||
| 008 | 130307e20070000SP |||||||||||||||||spa|d | ||
| 020 | |a 9788433845375 | ||
| 082 | 0 | 4 | |a 577 |b BER |2 21 |
| 100 | 0 | |a Bertrand, Claude |e author |9 567396 | |
| 700 | 0 | |a Bertrand, Georges |e author |9 567397 | |
| 245 | 1 | 0 | |a Geografía del medio ambiente: el sistema GTP. Geosistema, territorio y paisaje |
| 300 | |a 403 p | ||
| 942 | |c BK | ||
| 945 | |d 20130307 00:00:00 |a dcastane | ||
| 260 | |a Granada |b Universidad de Granada |c 2007 | ||
| 500 | |a Incluye CD con material complementario | ||
| 650 | 7 | |a ECOSISTEMA |2 CL-VaPUC |9 347937 | |
| 650 | 0 | |a Ecología |9 258124 | |
| 650 | 0 | |a Medio ambiente |9 257625 | |
| 650 | 0 | |a Recursos naturales |9 255232 | |
| 650 | 0 | |a Territorio |9 378883 | |
| 583 | |a last modification |c 20130307 11:37:00 |k Rodrigo Vera | ||
| 490 | 0 | |a Manuales,40 | |
| 999 | |c 350989 |d 350987 | ||
| 952 | |0 0 |1 0 |4 0 |6 577_000000000000000_BER_2007 |7 0 |8 A |9 454825 |a BIBING |b BIBING |d 2019-11-22 |i 4953223 |l 1 |o 577 BER 2007 |p 4953223 |r 2025-01-20 |s 2023-03-20 |w 2019-11-22 |y BK |k GEO | ||